00867nam a22002534a 450000500170000000800410001701000140005802000230007202000260009503500130012103700150013404000180014908200150016710000200018224501050020226000400030727000480034730000280039550000510042365000430047465000450051765000320056270000190059420071114120703.0070217s2007 ii | b 00| 0 eng  aENG-93373 a8188683671c480.00 a9788188683673c480.00 aEN-76906 bDBAD / PUB adplbEnglish  a305.420954 aBhuimali, Anil  aDevelopment of rural women through education and empowerment /cby Anil Bhuimali [and] Sampa Poddar  aDelhi bAbhijeet Publicationsc2005 a2/46 Tukhmeerpur Extension bDelhi e110094 avi, 175 p. c22cm (Hb)  aIncludes bibliographical references and index  aRural women xSocial conditionszIndia aRural women xEconomic conditionszIndia aWomen in developmentzIndia aPoddar, Sampa